[Event "Villa Martelli"]
[Site "Villa Martelli"]
[Date "1997.06.01"]
[Round "1"]
[White "Slipak, Sergio"]
[Black "Tkachiev, Vladislav"]
[Result "1/2-1/2"]
[WhiteElo "2505"]
[BlackElo "2630"]

1.d4 Nf6 2.Nf3 g6 3.c4 Bg7 4.g3 O-O 5.Bg2 d6 6.Nc3 Nc6 7.O-O a6 8.d5 Na5
9.Nd2 c5 10.Qc2 Rb8 11.b3 b5 12.Bb2 Bh6 13.f4 bxc4 14.bxc4 e5 15.dxe6 Bxe6
16.Nd5 Rxb2 17.Qxb2 Bg7 18.Qc1 Bxd5 19.cxd5 Ng4 20.Rb1 Ne3 21.Re1 Re8 22.Bf3 g5
23.fxg5 Qxg5 24.Qa3 Nec4 25.Nxc4  1/2-1/2

[Event "RUS-Cup9"]
[Site "Novgorod"]
[Date "1997.06.12"]
[Round "2"]
[White "Annenkov, Kirill"]
[Black "Isupov, Vladimir"]
[Result "0-1"]
[WhiteElo "2265"]
[BlackElo "2375"]

1.d4 Nf6 2.c4 g6 3.g3 Bg7 4.Bg2 O-O 5.Nf3 d6 6.O-O Nc6 7.Nc3 a6 8.b3 Rb8
9.e3 Bd7 10.Bb2 Qc8 11.Re1 Bh3 12.Bh1 h6 13.Rc1 Bg4 14.Ne2 Ne4 15.Nd2 Nxd2
16.Qxd2 e5 17.d5 Ne7 18.c5 Qd7 19.Qc3 dxc5 20.Qxc5 Rfd8 21.e4 c6 22.Nc3 cxd5
23.Nxd5 Nxd5 24.exd5 Rbc8 25.Qe3 f6 26.Qb6 Bf5 27.Ba3 Bf8 28.d6 Rxc1 29.Rxc1 Bxd6
30.Bb2 Be7 31.Bxb7 Qd2 32.Rc7 Bh3  0-1

[Event "RUS-Cup9"]
[Site "Novgorod"]
[Date "1997.06.15"]
[Round "4"]
[White "Kharitonov, Andrei Y"]
[Black "Isupov, Vladimir"]
[Result "1/2-1/2"]
[WhiteElo "2520"]
[BlackElo "2375"]

1.d4 Nf6 2.Nf3 g6 3.c4 Bg7 4.g3 O-O 5.Bg2 d6 6.O-O Nbd7 7.Nc3 e5 8.e4 c6
9.Rb1 Re8 10.Re1 exd4 11.Nxd4 a5 12.h3 Nb6 13.b3 Nfd7 14.Be3 Nc5 15.f4 a4
16.Bf2 axb3 17.axb3 Ra3 18.Qc2 h5 19.Red1 Bd7 20.Nde2 Qc7 21.e5 Bf8 22.Bxc5 dxc5
23.Ne4 Be7 24.N2c3 Bf5 25.Qe2 Nd7 26.g4 hxg4 27.hxg4 Bxe4 28.Nxe4 g5 29.fxg5 Nxe5
30.Re1 Raa8 31.Rf1 Qd7 32.Rf5 Qd4+ 33.Kh2 Ra1 34.Rxa1 Qxa1 35.Kg3 Qd4 36.Rf4 Qd8
37.Rf5 Qd4 38.Bf3 Kf8 39.Rf4 Qg1+ 40.Bg2 Ng6  1/2-1/2

[Event "RUS-Cup9"]
[Site "Novgorod"]
[Date "1997.06.16"]
[Round "5"]
[White "Sokolov, Andrei"]
[Black "Krishilovsky, A."]
[Result "1/2-1/2"]
[WhiteElo "2580"]
[BlackElo "2150"]

1.Nf3 Nf6 2.d4 g6 3.c4 Bg7 4.g3 O-O 5.Bg2 d6 6.O-O Nc6 7.d5 Na5 8.Nfd2 c5
9.Nc3 e5 10.a3 b6 11.b4 Nb7 12.e4 Ng4 13.Nf3 Bd7 14.Qe2 Rc8 15.Bd2 Qe7 16.Nb5 Ra8
17.Rab1 Bh6 18.Bxh6 Nxh6 19.Qd2 Kg7 20.Ne1 f5 21.exf5 Nxf5 22.Nf3  1/2-1/2

[Event "RUS-Cup9"]
[Site "Novgorod"]
[Date "1997.06.16"]
[Round "5"]
[White "Annenkov, Kirill"]
[Black "Nikolaev, Nikita"]
[Result "1/2-1/2"]
[WhiteElo "2265"]
[BlackElo "2225"]

1.d4 Nf6 2.c4 g6 3.g3 Bg7 4.Bg2 O-O 5.Nf3 d6 6.O-O Nc6 7.Nc3 Rb8 8.b3 a6
9.e3 b5 10.Nd2 Bg4 11.Qc2  1/2-1/2

[Event "Vier Laenderkampf"]
[Site "Schoeneck"]
[Date "1997.06.??"]
[Round "1"]
[White "Gottschlich, Carsten"]
[Black "Duncker, Joachim"]
[Result "0-1"]
[WhiteElo "2225"]
[BlackElo "2210"]

1.d4 d6 2.g3 g6 3.Bg2 Bg7 4.Nf3 Nf6 5.c4 O-O 6.Nc3 Nc6 7.O-O e5 8.d5 Ne7
9.e4 Nd7 10.Nh4 f5 11.exf5 Nxf5 12.Nxf5 gxf5 13.f4 a6 14.Be3 Nf6 15.Qd3 Ng4
16.Bd2 e4 17.Qe2 Bd4+ 18.Kh1 Rf6 19.h3 Qf8 20.Bxe4 Rh6 21.Bg2 Bd7 22.Rf3 Re8
23.Qf1 Re4 24.Re1 Rxe1 25.Qxe1 b5 26.cxb5 axb5 27.Nd1 Qa8 28.Ra3 Qb7 29.Bc3 Bc5
30.b4 Bb6 31.Bb2 Be6 32.Rd3 Rxh3+ 33.Bxh3 Bxd5+ 34.Rxd5 Qxd5+ 35.Bg2 Qxd1
36.Qxd1 Nf2+ 37.Kh2 Nxd1 38.Bd5+ Kf8 39.Ba1 Ne3 40.Bc6 Nc2 41.Bc3 Bd4 42.Bd2 Bb2
43.Bxb5 Nd4 44.Bd3 Nf3+ 45.Kh3 Nxd2 46.Bxf5 h6 47.b5 Ke7 48.Bd3 d5 49.g4 Kf6
50.Kg2 Bd4 51.Bh7 Be3 52.Bg8 d4 53.Kg3 Ne4+ 54.Kf3 Nc3 55.Bc4 Ke7 56.Kg3 Kd6
57.f5 Bg5  0-1

[Event "Politiken Cup"]
[Site "Copenhagen"]
[Date "1997.07.07"]
[Round "3"]
[White "Danielsen, Henrik"]
[Black "Borge, Nikolaj"]
[Result "1-0"]
[WhiteElo "2500"]
[BlackElo "2360"]

1.d4 Nf6 2.Nf3 d6 3.c4 g6 4.g3 Bg7 5.Bg2 O-O 6.Nc3 Nbd7 7.O-O e5 8.e4 exd4
9.Nxd4 Re8 10.h3 a6 11.Bg5 h6 12.Be3 Nc5 13.Qc2 a5 14.Rad1 Bd7 15.Rfe1 Qc8
16.Kh2 Re5 17.Nf3 Rh5 18.Nh4 Bc6 19.f4 g5 20.Nf5 Ng4+ 21.Kg1 Nxe3 22.Rxe3 gxf4
23.gxf4 Bf6 24.Bf3 Rxf5 25.exf5 Qd7 26.Kh2 Re8 27.Rg1+ Kf8 28.Bxc6 bxc6 29.Reg3 Bxc3
30.Rg8+ Ke7 31.Qe2+ Be5 32.fxe5 Rxg8 33.f6+ Ke6 34.exd6+ Kxf6 35.Qf2+ Qf5
36.Qxf5+ Kxf5 37.Rxg8 cxd6 38.Rc8 Nd3 39.Rxc6 Nxb2 40.c5 dxc5 41.Rxc5+ Ke4
42.Rxa5 f5 43.Rb5  1-0

[Event "Politiken Cup"]
[Site "Copenhagen"]
[Date "1997.07.09"]
[Round "5"]
[White "Pedersen, Thomas Vils"]
[Black "Gunnarsson, Jon Viktor"]
[Result "0-1"]
[WhiteElo "2165"]
[BlackElo "2315"]

1.d4 Nf6 2.Nf3 g6 3.c4 Bg7 4.g3 O-O 5.Bg2 d6 6.O-O Nbd7 7.Nc3 e5 8.Qc2 c6
9.Rd1 Qc7 10.b3 Re8 11.h3 h6 12.e4 exd4 13.Nxd4 Nc5 14.Be3 Qe7 15.Bf4 Nfxe4
16.Nxe4 Nxe4 17.Re1 Bxd4 18.Rxe4 Bf5 19.Rxe7 Bxc2 20.Rxe8+ Rxe8 21.Rf1 a5
22.Bxd6 g5 23.Bf3 Bb2 24.Bc7 a4 25.bxa4 Bd3 26.Rd1 Bxc4 27.Rb1 Bd4 28.Kg2 Ba6
29.Rd1 Bc5 30.Rd7 Re1 31.Bh5 Bf1+ 32.Kh2 Bc4 33.Rd8+ Kh7 34.Ba5 Rf1 35.Rd2 Bd5
36.f3 Bxf3 37.Bxf3 Rxf3 38.Bc7 Ra3 39.a5 Kg6 40.g4 Bb4 41.Rb2 Bxa5 42.Bxa5 Rxa5
43.Rxb7 Rxa2+ 44.Kg3 Ra3+ 45.Kg2 Kf6 46.Rb6 Rc3 47.Rb8 Re3 48.Rh8 Kg7 49.Rc8 Re6
50.Kf3 Kf6 51.Rh8 Ke7 52.Rc8 Kd6 53.Rf8 Ke5 54.Ke3 Kd5+ 55.Kd3 Rf6 56.Rd8+ Kc5
57.Ke4 Kb4 58.Rb8+ Kc4 59.Rb7 c5 60.Ra7 Rf4+ 61.Ke3 Kb3 62.Rb7+ Kc2 63.Rb6 f6
64.Rb8 c4 65.Rh8 c3 66.Rb8 Rc4 67.Rb6 Kc1 68.Kd3 Rc8 69.Rxf6 c2 70.Rxh6 Rd8+
71.Ke2 Rb8 72.Rc6 Kb2 73.Kd3 c1=Q 74.Rxc1 Kxc1 75.Ke4 Rf8  0-1

[Event "Wch U20"]
[Site "Zagan"]
[Date "1997.07.14"]
[Round "1"]
[White "Zerdo, Mirza"]
[Black "Socko, Bartosz"]
[Result "0-1"]
[WhiteElo "2175"]
[BlackElo "2435"]

1.d4 Nf6 2.c4 g6 3.Nf3 Bg7 4.g3 O-O 5.Bg2 d6 6.O-O Nbd7 7.Nc3 e5 8.e4 Re8
9.h3 exd4 10.Nxd4 a6 11.Re1 Rb8 12.Be3 Ne5 13.b3 Bd7 14.Qc2 Qc8 15.Kh2 c5
16.Nde2 b5 17.Nd5 bxc4 18.bxc4 Nxd5 19.cxd5 Rb2 20.Qd1 f5 21.Nf4 fxe4 22.Bxe4 Ng4+
23.hxg4 Rxe4 24.Qd3 Re8 25.Ne6 c4 26.Qa3 Bxe6 27.dxe6 Rxe6 28.Rad1 Qc6 29.Qa5 Rxe3
30.Qd8+ Kf7 31.Rxd6  0-1

[Event "Wch U20"]
[Site "Zagan"]
[Date "1997.07.16"]
[Round "3"]
[White "Morrison, Graham"]
[Black "Jirovsky, Petr"]
[Result "1-0"]
[WhiteElo "2325"]
[BlackElo "2395"]

1.d4 Nf6 2.c4 g6 3.Nf3 Bg7 4.g3 O-O 5.Bg2 d6 6.O-O Nbd7 7.Qc2 e5 8.Rd1 Re8
9.h3 c6 10.dxe5 dxe5 11.e4 Qe7 12.Be3 Nc5 13.Nc3 a5 14.Rd2 Nfd7 15.Na4 Nxa4
16.Qxa4 Nc5 17.Qc2 Ne6 18.c5 h6 19.Bf1 Ng5 20.Nxg5 hxg5 21.Rd6 Bf6 22.Kg2 Kg7
23.Rad1 g4 24.hxg4 Bxg4 25.Be2 Bc8 26.Qd2 Rh8 27.g4 Bh4 28.Rh1 Be6 29.b3 Rad8
30.g5 Rxd6 31.cxd6 Qd8 32.f4 f6 33.Qc3 Qxd6 34.fxe5 Qxe5 35.Qxe5 fxe5 36.Bd2 Rh7
37.Bc4 Bg4 38.Bc3 b5 39.Bxe5+ Kf8 40.Bd3 Rh5 41.Bf6 Be6 42.Be2 Rxg5+ 43.Bxg5 Bxg5
44.Kg3 a4 45.Bg4 Bf7 46.bxa4 bxa4 47.Bd7 Bxa2 48.Bxc6 Bb3 49.Rh8+ Ke7 50.Ra8 Bc2
51.Bxa4 Bd3 52.Kf3 Kf6 53.Ra5 Bc4 54.Rc5 Ba2 55.Be8 Be6 56.Rc6  1-0

[Event "Komercni Banka op"]
[Site "Pardubice"]
[Date "1997.07.18"]
[Round "2"]
[White "Vaulin, Alexander"]
[Black "Dochev, Dimitar"]
[Result "1-0"]
[WhiteElo "2530"]
[BlackElo "2385"]

1.c4 g6 2.d4 Nf6 3.g3 Bg7 4.Bg2 O-O 5.Nf3 d6 6.O-O Nc6 7.Nc3 a6 8.d5 Na5
9.b3 c5 10.dxc6 Nxc6 11.Bb2 Qa5 12.Nd5 Nxd5 13.Bxg7 Nc3 14.Bxc3 Qxc3 15.Rc1 Qb2
16.Rc2 Qf6 17.Qd2 Bf5 18.Rcc1 Rab8 19.Rfd1 Rfc8 20.Ne1 Ne5 21.Nc2 Ng4 22.e4 Be6
23.h3 Ne5 24.f4 Nc6 25.Ne3 Qg7 26.Kh2 Rd8 27.Nd5 Bd7 28.Qf2 e5 29.f5 Nd4
30.f6 Qh6 31.c5 Bc6 32.Ne7+ Kh8 33.Rc4 Qg5 34.h4 Qg4 35.Rcxd4 exd4 36.Qxd4 g5
37.hxg5 Qh5+ 38.Kg1 Qxg5 39.Nf5 d5 40.Nd6 Rxd6 41.cxd6 dxe4 42.d7 Rd8 43.Qb6 Qxf6
44.Bxe4 Qg5 45.Bxc6 bxc6 46.Kg2 c5 47.Qxa6 Kg7 48.Qd3 h5 49.Qe4 Qf6 50.a4  1-0

[Event "Wch U20"]
[Site "Zagan"]
[Date "1997.07.21"]
[Round "7"]
[White "Kasimdzhanov, Rustam"]
[Black "Antoniewski, Rafal"]
[Result "1/2-1/2"]
[WhiteElo "2545"]
[BlackElo "2405"]

1.d4 Nf6 2.c4 g6 3.Nf3 Bg7 4.g3 O-O 5.Bg2 d6 6.O-O Nc6 7.d5 Na5 8.Nfd2 c5
9.a3 Nd7 10.Ra2 Ne5 11.Qc2 Bd7 12.h3 b5 13.cxb5 Bxb5 14.Nc3 Qb6 15.b3 Ba6
16.Rb2  1/2-1/2

[Event "Wch U20 Girls"]
[Site "Zagan"]
[Date "1997.07.21"]
[Round "7"]
[White "Aksiuczyc, Monika"]
[Black "Hagesaether, Ellen"]
[Result "1/2-1/2"]
[WhiteElo "2180"]
[BlackElo "2045"]

1.c4 g6 2.g3 Bg7 3.Bg2 Nf6 4.Nf3 d6 5.d4 O-O 6.O-O Nbd7 7.Qc2 c6 8.Rd1 Qc7
9.b3 c5 10.Bb2 a6 11.e4 cxd4 12.Bxd4 b5 13.Qb2 e5 14.Be3 bxc4 15.Nbd2 d5
16.Rac1 d4 17.Rxc4 Qb8 18.Bg5 Bb7 19.Ne1 Nb6 20.Rc2 Qd6 21.Nd3 Nfd7 22.Nc4 Nxc4
23.bxc4 Rab8 24.c5 Qe6 25.Qc1 Bc6 26.Nb2 Rfc8 27.Qd2 f6 28.Bh6 Bxh6 29.Qxh6 Qxa2
30.Bf1 Bb5 31.Bxb5 axb5 32.Rdc1 Qa3 33.c6 Nb6 34.Qh3 Qe7 35.Rc5 Nc4 36.Rxb5 Nd6
37.Rxb8 Rxb8 38.Nc4 Nxe4 39.Nxe5 f5 40.Nf3 Qa3 41.Qf1 Qxf3 42.Qc4+ Kf8 43.Qxd4 Qxf2+
44.Qxf2 Nxf2 45.Kxf2 Rc8 46.Ke3 Ke7 47.Kf4 Kd6 48.h4 Rxc6 49.Rxc6+ Kxc6 50.Kg5 Kd6
51.Kf6 Kd7 52.h5 gxh5 53.Kxf5 Ke7 54.Kg5  1/2-1/2

[Event "Komercni Banka op"]
[Site "Pardubice"]
[Date "1997.07.22"]
[Round "6"]
[White "Zaitsev, Vadim"]
[Black "Rasik, Vitezslav"]
[Result "1-0"]
[WhiteElo "2345"]
[BlackElo "2465"]

1.Nf3 d6 2.d4 Nf6 3.g3 g6 4.Bg2 Bg7 5.c4 O-O 6.O-O Nc6 7.Nc3 e5 8.d5 Ne7
9.e4 h6 10.c5 Ne8 11.Be3 f5 12.Qd2 g5 13.exf5 Nxf5 14.Qd3 Nf6 15.Nd2 Nd4
16.cxd6 Bf5 17.dxc7 Bxd3 18.cxd8=Q Rfxd8 19.Rfd1 Ne2+ 20.Nxe2 Bxe2 21.Re1 Bd3
22.Bc5 Nxd5 23.Ne4 a5 24.Rad1 Nb4 25.Bb6 Nc2 26.Bxd8 Nxe1 27.Bxg5 Nxg2 28.Rxd3 Ne1
29.Rc3 b5 30.Kf1 b4 31.Rc7 Nd3 32.Bf6 Bxf6 33.Nxf6+ Kf8 34.b3 a4 35.Ke2 Nb2
36.Rc2 a3 37.Nd5 Rb8 38.Rc7 Rb5 39.Nf6 Rb6 40.Nd7+  1-0

[Event "RUS-Cup10"]
[Site "Tomsk"]
[Date "1997.07.23"]
[Round "3"]
[White "Filippov, Valerij"]
[Black "Frolov, Denis"]
[Result "1-0"]
[WhiteElo "2535"]
[BlackElo "2325"]

1.Nf3 Nf6 2.c4 g6 3.d4 Bg7 4.g3 d6 5.Bg2 O-O 6.Nc3 c6 7.O-O Bf5 8.Ne1 Qc8
9.e4 Bh3 10.f4 Bxg2 11.Kxg2 b5 12.e5 Nfd7 13.cxb5 cxb5 14.Nd3 dxe5 15.dxe5 Nb6
16.Qf3 Rd8 17.Rd1 Qc4 18.Ne2 Na6 19.b3 Qd5 20.Be3 f6 21.Nc3 Qxf3+ 22.Kxf3 fxe5
23.Nxe5 b4 24.Nb5 Nd5 25.Bxa7 Nc3 26.Nxc3 bxc3 27.Rxd8+ Rxd8 28.Rc1 Rc8 29.a3 Bxe5
30.fxe5 c2 31.Bd4 Kf7 32.Ke3 Ke6 33.Kd3 Kd5 34.e6 Nc5+ 35.Bxc5 Rxc5 36.Rxc2 Rb5
37.b4 Kxe6 38.Kc4 Rb8 39.b5 Kd6 40.Kb4 e5 41.a4  1-0

[Event "Wch U20"]
[Site "Zagan"]
[Date "1997.07.27"]
[Round "13"]
[White "Bauer, Christian"]
[Black "Iordachescu, Viorel"]
[Result "0-1"]
[WhiteElo "2525"]
[BlackElo "2500"]

1.Nf3 Nf6 2.d4 g6 3.c4 Bg7 4.g3 O-O 5.Bg2 d6 6.O-O c6 7.Nc3 Nbd7 8.e4 e5
9.h3 Ne8 10.Re1 exd4 11.Nxd4 Qb6 12.Nb3 a5 13.Be3 Qb4 14.a3 Qxc4 15.Rc1 Qe6
16.f4 Qe7 17.Nd4 Nc5 18.Bf2 Bd7 19.b4 axb4 20.axb4 Ne6 21.Nf3 Ra3 22.Nd5 Qd8
23.Bb6 Qb8 24.Ne7+ Kh8 25.e5 dxe5 26.f5 e4 27.Rxe4 gxf5 28.Re3 Ra6 29.Nxf5 Rxb6
30.Qxd7 Nf6 31.Qd2 Rb5 32.Nxg7 Nxg7 33.Nd4 Re5 34.Rf1 Nd5 35.Ref3 Qc7 36.Kh2 Qe7
37.b5 cxb5 38.Qb2 Ne3 39.Rb1 Rc8 40.Rg1 b4 41.Qb3 f5 42.Rf2 Rc3 43.Qa2 Qd6
44.Nb3 Re8 45.Rd2 Qf6 46.Re1 Rg8 47.Qa5 Nxg2 48.Kxg2 Nh5 49.Re8 Qg6  0-1

[Event "RUS-Cup10"]
[Site "Tomsk"]
[Date "1997.07.28"]
[Round "7"]
[White "Filippov, Valerij"]
[Black "Shinkevich, Vitaly"]
[Result "1/2-1/2"]
[WhiteElo "2535"]
[BlackElo "2375"]

1.Nf3 Nf6 2.c4 g6 3.d4 Bg7 4.g3 O-O 5.Bg2 d6 6.Nc3 c5 7.O-O Nc6 8.d5 Na5
9.Nd2 a6 10.Qc2 Rb8 11.b3 b5 12.Bb2 bxc4 13.bxc4 Bh6 14.f4 e5 15.dxe6 Bxe6
16.Nd5 Rxb2 17.Qxb2 Bg7 18.Qc1 Bxd5 19.cxd5 Ng4 20.e4 Bxa1 21.Qxa1 Qb6 22.e5 c4+
23.Kh1 Nf2+ 24.Rxf2 Qxf2 25.Ne4 Qc2 26.Nf6+ Kg7 27.e6 c3 28.e7 Rb8 29.Be4 Qe2
30.e8=Q Rxe8 31.Nxe8+ Kf8 32.Nf6 Ke7 33.h4 Qe3 34.Qg1 Qxg1+ 35.Kxg1 Kxf6
36.Kf2 Nc4 37.Ke2 h5 38.Kd3 c2 39.Kxc2 Nb6 40.Kc3 a5 41.Kd4 Kg7 42.f5 Kf6
43.fxg6 fxg6 44.Bf3 Kf5 45.Be2 Kf6 46.Bd3 Kf7 47.Bb5 Ke7 48.Ke4 Kf7 49.Bc6 Ke7  1/2-1/2

[Event "RUS-Cup10"]
[Site "Tomsk"]
[Date "1997.07.31"]
[Round "9"]
[White "Lopushnoy, Denis"]
[Black "Korniushin, Nikolay"]
[Result "1-0"]
[WhiteElo "2385"]
[BlackElo "2250"]

1.Nf3 g6 2.c4 Bg7 3.d4 Nf6 4.g3 O-O 5.Bg2 d6 6.O-O Nbd7 7.Nc3 e5 8.e4 Re8
9.h3 exd4 10.Nxd4 Nc5 11.Re1 Bd7 12.Bf4 Qc8 13.Kh2 a6 14.Qd2 Rb8 15.Rac1 Nh5
16.Be3 Nf6 17.f3 Ne6 18.Nd5 c5 19.Ne2 Nxd5 20.cxd5 Nc7 21.b4 b6 22.f4 Qd8
23.bxc5 bxc5 24.e5 dxe5 25.Rxc5 Nb5 26.d6 Re6 27.a4 Nxd6 28.fxe5 Bxe5 29.Nf4 Bxf4
30.Bxf4 Rxe1 31.Qxe1 Rb2 32.Qe5 Rxg2+ 33.Kxg2 Nf5 34.g4 Qa8+ 35.Kf2 Nh4 36.Kg3 Qf3+
37.Kxh4 h6 38.Bxh6 Qf2+ 39.Kg5 f6+ 40.Qxf6 Qxc5+ 41.Kh4 g5+ 42.Bxg5 Bxa4
43.Qe6+  1-0

[Event "MK Cafe op-A"]
[Site "Koszalin"]
[Date "1997.08.04"]
[Round "3"]
[White "Galliamova, Alisa"]
[Black "Renet, Olivier"]
[Result "1/2-1/2"]
[WhiteElo "2445"]
[BlackElo "2520"]

1.d4 Nf6 2.c4 g6 3.Nf3 Bg7 4.g3 O-O 5.Bg2 d6 6.O-O Nbd7 7.Nc3 e5 8.h3 a6
9.dxe5 dxe5 10.Be3 Qe7 11.Qb3 c6 12.c5 Kh8 13.Nd2 Ng8 14.Nde4 f5 15.Bg5 Ngf6
16.Bxf6 Nxf6 17.Nd6 e4 18.e3 Rb8 19.Rfd1 Be6 20.Qa3 h5 21.h4 Nd5 22.Ne2 b6
23.Nd4 bxc5 24.Qxc5 Bd7 25.Nb3 Bxb2 26.Rab1 Bf6 27.Na5 Nc3 28.Rxb8 Rxb8 29.Qa7 Rf8
30.Rd2 Nd5  1/2-1/2

[Event "MK Cafe op-A"]
[Site "Koszalin"]
[Date "1997.08.06"]
[Round "5"]
[White "Pieniazek, Artur"]
[Black "Praszak, Michal"]
[Result "1/2-1/2"]
[WhiteElo "2415"]
[BlackElo "2265"]

1.d4 Nf6 2.c4 g6 3.Nf3 Bg7 4.g3 O-O 5.Bg2 d6 6.O-O Nc6 7.d5 Na5 8.Nfd2 Bd7
9.Nc3 Ng4 10.Qc2 c6 11.b3 cxd5 12.cxd5 Rc8 13.Bb2 b5 14.a3 Qb6 15.Qd3 Qd4
16.Qxd4 Bxd4 17.Rac1 Ne3 18.Rfe1 Nxg2 19.Kxg2 Rc7 20.b4 Rfc8 21.bxa5 Bxc3
22.Bxc3 Rxc3 23.Rxc3 Rxc3 24.Nb1 Rc2 25.e4 Bg4 26.Re3 Be2 27.Rc3 Rb2 28.Rc8+ Kg7
29.Nc3 Bd3 30.Kf3 Rb3 31.Ke3 Bf1 32.Rc7 Rxa3 33.Kd2 Rxa5 34.Rxe7 b4 35.Nd1 Ra2+
36.Ke3 Re2+ 37.Kf3 Ra2 38.Ne3 Be2+ 39.Kg2 b3 40.Rb7 b2 41.e5 dxe5 42.d6 Bd3
43.d7 Be4+ 44.Kh3 Bxb7 45.Nf5+ gxf5 46.d8=Q  1/2-1/2

[Event "Montecatini Terme op"]
[Site "Montecatini Terme"]
[Date "1997.08.06"]
[Round "6"]
[White "Abramovic, Bosko"]
[Black "Jurkovic, Ante"]
[Result "1-0"]
[WhiteElo "2500"]
[BlackElo "2335"]

1.d4 Nf6 2.Nf3 g6 3.c4 Bg7 4.g3 O-O 5.Bg2 d6 6.O-O c6 7.Nc3 Qa5 8.e4 e5 9.d5 cxd5
10.cxd5 Bd7 11.Nd2 Rc8 12.Nb3 Qd8 13.h3 Be8 14.Be3 Nbd7 15.Qe2 Nb6 16.Na5 Na4
17.Nxb7 Nxc3 18.bxc3 Qc7 19.Qa6 Bf8 20.Rfc1 Nd7 21.Rab1 Nb6 22.c4 Rcb8 23.Nxd6 Qxd6
24.c5 Qd7 25.cxb6 axb6 26.Qe2 Qa7 27.Rc2 Bc5 28.Bxc5 bxc5 29.Rbc1 Bb5 30.Qe3 c4
31.Qxa7 Rxa7 32.Rb1 Ra5 33.Bf1 Rc8 34.Rb4 Kf8 35.Bxc4 Ke7 36.Bb3 Rxc2 37.Bxc2 Bd7
38.Bb3 Bxh3 39.Rb6 Kd8 40.Rb7 Bd7 41.f4 f6 42.Rb6 exf4 43.gxf4 f5 44.e5 Ba4
45.d6 Bxb3 46.axb3  1-0

[Event "Montecatini Terme op"]
[Site "Montecatini Terme"]
[Date "1997.08.07"]
[Round "7"]
[White "Drasko, Milan"]
[Black "Nataf, Igor Alexandre"]
[Result "1/2-1/2"]
[WhiteElo "2520"]
[BlackElo "2440"]

1.d4 Nf6 2.c4 g6 3.Nf3 Bg7 4.g3 O-O 5.Bg2 d6 6.O-O Nbd7 7.Qc2 e5 8.Rd1 Re8
9.e4 c6 10.Nc3 exd4 11.Nxd4 Ne5 12.c5 d5 13.exd5 Nxd5 14.Nxd5 cxd5 15.h3 a6
16.b3 Nc6 17.Bb2 h5 18.Qd2 Qc7 19.Rac1 Bd7 20.Ne2 Bxb2 21.Qxb2 h4 22.Nf4 Be6
23.Bxd5 hxg3 24.fxg3 Bxd5 25.Rxd5 Re3 26.Qf2 Rae8 27.Rd6 Qc8 28.Rf1 Qf5 29.Nd5 Qxf2+
30.Rxf2 Re1+ 31.Kg2 R8e2 32.Rd7 Ne5 33.Rxb7 Rxf2+ 34.Kxf2 Nd3+ 35.Kf3 Nxc5
36.Ra7 Re6 37.g4 Kg7 38.g5 Re5 39.Nf4 Rxg5 40.b4 Rf5 41.bxc5 g5 42.c6 Rxf4+
43.Ke3 Kf6 44.c7 Rc4 45.Kd3 Rc1 46.Ke4 Ke6 47.Rxa6+ Kd7 48.Kf5 Rc5+ 49.Kg4 Kxc7
50.Ra7+ Kd8 51.Rxf7 Ra5 52.Rf2 Ke7 53.Kh5 Ra3 54.Rh2 Kf6 55.Kh6 Kf5 56.Rf2+ Ke6
57.Kxg5 Rxh3 58.Rd2 Rh7  1/2-1/2

[Event "Budapest FS08 IM"]
[Site "Budapest"]
[Date "1997.08.11"]
[Round "10"]
[White "Farago, Sandor"]
[Black "Resika, Nathan A"]
[Result "1/2-1/2"]
[WhiteElo "2330"]
[BlackElo "2170"]

1.d4 Nf6 2.c4 g6 3.Nf3 Bg7 4.g3 O-O 5.Bg2 d6 6.Nc3 c6 7.O-O Qa5 8.h3 Be6
9.d5 cxd5 10.Nd4 dxc4 11.Nxe6 fxe6 12.Bxb7 Nbd7 13.Bxa8 Rxa8 14.Qa4 Qxa4
15.Nxa4 Ne4 16.Be3 d5 17.Rfd1 Nb6 18.Nxb6 axb6 19.Bd4 b5 20.Bxg7 Kxg7 21.Kg2 Kf6
22.f3 Nc5 23.Kf2 b4 24.Ke3 Ke5 25.h4 Kd6 26.f4 e5 27.fxe5+ Kxe5 28.g4 Kd6
29.Rf1 Ra7 30.g5 e6 31.Rf8 Nb3 32.axb3 Rxa1 33.bxc4 dxc4 34.Kd4 Rc1 35.Rd8+ Kc7
36.Ra8 Rc2 37.e4 e5+ 38.Kd5 Rxb2 39.Kxc4 Re2 40.Kd5 b3 41.Ra4 Ra2 42.Rc4+ Kd7
43.Kxe5 Ra5+ 44.Kf6 Rb5 45.Rc1 b2 46.Rb1 Rb7 47.e5 Ke8 48.e6 Kf8 49.Rd1 Rb8
50.Rb1  1/2-1/2

[Event "ST Lee Cup 4th"]
[Site "Beijing"]
[Date "1997.08.23"]
[Round "1"]
[White "Xu Yuanyuan"]
[Black "Simonovic, Aleksandar"]
[Result "1-0"]
[WhiteElo "2190"]
[BlackElo "2420"]

1.d4 Nf6 2.c4 g6 3.g3 Bg7 4.Bg2 d6 5.Nf3 O-O 6.O-O Nbd7 7.Nc3 e5 8.e4 exd4
9.Nxd4 Re8 10.Re1 Ne5 11.b3 c5 12.Nc2 a6 13.h3 Rb8 14.Be3 Qc7 15.f4 Ned7
16.Qd3 b6 17.Rad1 Bf8 18.Bc1 Bb7 19.Ne3 Bc6 20.Bb2 Qb7 21.Ncd5 Bxd5 22.Nxd5 Nxd5
23.cxd5 Bg7 24.Bxg7 Kxg7 25.Qc3+ Kg8 26.e5 b5 27.e6 Nb6 28.Qf6 Nc8 29.h4 Rf8
30.Bh3 h6 31.exf7+ Kh7 32.Re8 Nb6  1-0

[Event "FRA-ch"]
[Site "Narbonne"]
[Date "1997.08.24"]
[Round "9"]
[White "Leski, Marc"]
[Black "Degraeve, Jean Marc"]
[Result "0-1"]
[WhiteElo "2435"]
[BlackElo "2540"]

1.Nf3 g6 2.d4 Nf6 3.c4 Bg7 4.g3 O-O 5.Bg2 d6 6.O-O Nbd7 7.Nc3 e5 8.e4 exd4
9.Nxd4 a6 10.h3 Rb8 11.b3 c5 12.Nc2 b5 13.cxb5 axb5 14.Bb2 b4 15.Nd5 Re8
16.Nxf6+ Bxf6 17.Bxf6 Nxf6 18.Re1 Bb7 19.Qd3 Re6 20.f3 Qc7 21.Kh2 Rbe8 22.Rec1 Nh5
23.Nd4 d5 24.f4 Rxe4 25.Qb5 Nxg3 26.Bxe4 Rxe4 27.Qd3 Nh5  0-1

[Event "Banicky Kahanec"]
[Site "Prievidza"]
[Date "1997.09.08"]
[Round "1"]
[White "Vavrak, Peter"]
[Black "Dobrotka, Martin"]
[Result "1/2-1/2"]
[WhiteElo "2245"]
[BlackElo "2230"]

1.d4 Nf6 2.Nf3 d6 3.g3 g6 4.c4 Bg7 5.Bg2 O-O 6.O-O c6 7.Nc3 Qa5 8.e4 Qh5
9.e5 dxe5 10.Nxe5 Qxd1 11.Rxd1 Nbd7 12.f4 Rb8 13.Be3 a6 14.b4 Re8 15.a4 Nxe5
16.fxe5 Nd7 17.a5 Nf8 18.Na4 Bg4 19.Rd2 Nd7 20.Re1 h5 21.Bf4 Rbc8 22.Be4 e6
23.Kg2 Bf8 24.Rb1 Bf5 25.Bxf5 gxf5 26.Bg5 Be7 27.Bxe7 Rxe7 28.Kf3 f6 29.Re1 Kf7
30.Rde2 Rce8 31.Nc3 fxe5 32.dxe5 Nf8 33.Ke3 Rd7 34.Na4 Ng6 35.Nc5 Rd4 36.Nxb7 Re4+
37.Kf2 Rxe2+ 38.Rxe2 Rb8 39.Nd6+ Ke7 40.b5 axb5 41.cxb5 cxb5 42.Rb2 b4 43.Nc4 Kd7
44.Ke3 Kc6 45.Kd4 Rb5 46.a6 Rd5+ 47.Ke3 Nxe5 48.Rxb4 Nxc4+ 49.Rxc4+ Kb6 50.Ra4 Ka7
51.Ra3 e5 52.Kf3  1/2-1/2

[Event "Banicky Kahanec"]
[Site "Prievidza"]
[Date "1997.09.09"]
[Round "2"]
[White "Vavrak, Peter"]
[Black "Hanko, Pavel"]
[Result "0-1"]
[WhiteElo "2245"]
[BlackElo "2175"]

1.d4 Nf6 2.Nf3 g6 3.g3 Bg7 4.Bg2 O-O 5.c4 d6 6.O-O Nc6 7.d5 Na5 8.Qa4 c5
9.Bd2 b6 10.Bc3 Bd7 11.Qc2 Bf5 12.Qc1 a6 13.Nbd2 b5 14.b3 Rb8 15.Re1 e5 16.dxe6 Bxe6
17.e4 Nc6 18.Ng5 Nb4 19.Bf1 h6 20.Nxe6 fxe6 21.f4 d5 22.e5 Nh5 23.Bxb4 cxb4
24.Bh3 dxc4 25.Bxe6+ Kh8 26.Ne4 Qb6+ 27.Qe3 Qxe6 28.Nc5 Qc6 29.Rad1 Rbc8
30.Ne4 c3 31.Nd6 Rc7 32.e6 c2 33.Rd2 c1=Q 34.e7 Rxe7  0-1

[Event "RUS-ch (Women)"]
[Site "Elista"]
[Date "1997.09.20"]
[Round "2"]
[White "Shumiakina, Tatiana"]
[Black "Kozlovskaya, Valentina"]
[Result "1/2-1/2"]
[WhiteElo "2385"]
[BlackElo "2195"]

1.d4 d6 2.Nf3 g6 3.c4 Bg7 4.g3 Nf6 5.Bg2 O-O 6.O-O c6 7.Nc3 Nbd7 8.e4 e5
9.Be3 Re8 10.h3 Qc7 11.Re1 b6 12.Rc1 Bb7 13.d5 c5 14.a3 Nf8 15.Nd2 Kh8 16.b4 Ng8
17.bxc5 bxc5 18.Rb1 Qe7 19.g4 Reb8 20.Nb3 a5 21.Bd2 Bh6 22.Bxh6 Nxh6 23.Qd2 g5
24.Nb5 Qd8 25.Rb2 Ng6 26.Reb1 Bc8 27.Nc1 Nf4 28.Nc3 Bd7 29.Rb7 Rxb7 30.Rxb7 Bc8
31.Rb1 Ba6 32.Bf1 Ng8 33.Qb2 h5 34.Qb6 Qf8 35.Qc6 hxg4 36.hxg4 Ra7 37.Rb6 f6
38.N1e2 Rh7 39.Nxf4 gxf4 40.Rxa6 Qh6 41.Bg2 f3 42.Bxf3 Qh3 43.Ne2 Qxf3 44.Ng3 Qd1+
45.Kg2 Qxg4 46.Qxd6 Rg7 47.Qxc5 Qxe4+ 48.Kf1 Qd3+ 49.Kg2 Qe4+  1/2-1/2

[Event "AUT-chT3 9798"]
[Site "Vorarlberg "]
[Date "1997.09.26"]
[Round "1"]
[White "Amann, Guenter"]
[Black "Doskocil, Klaus"]
[Result "1-0"]
[WhiteElo "2280"]
[BlackElo "2215"]

1.d4 Nf6 2.Nf3 d6 3.g3 g6 4.c4 Bg7 5.Bg2 O-O 6.O-O Nbd7 7.Nc3 e5 8.e4 Re8
9.h3 exd4 10.Nxd4 Nc5 11.Re1 a5 12.Qc2 c6 13.Be3 Qc7 14.Rad1 Nfd7 15.Nb3 Nxb3
16.axb3 Nc5 17.f4 Bf8 18.Bxc5 dxc5 19.e5 Bf5 20.Qe2 Rad8 21.g4 Bc8 22.Ne4 Be7
23.Qf2 Qb6 24.Nf6+ Bxf6 25.exf6 Qxb3 26.Rxd8 Rxd8 27.Qd2 Rf8 28.f5 Qb4 29.Qh6 Qxe1+
30.Bf1 Qg3+ 31.Kh1 Qf3+ 32.Kh2 Qf2+ 33.Bg2  1-0

[Event "POL-chT"]
[Site "Krynica"]
[Date "1997.10.02"]
[Round "8"]
[White "Jaworski, Miroslaw"]
[Black "Czerwonski, Aleksander"]
[Result "1/2-1/2"]
[WhiteElo "2390"]
[BlackElo "2395"]

1.d4 d6 2.Nf3 Nf6 3.c4 g6 4.g3 Bg7 5.Bg2 O-O 6.O-O c5 7.d5 b5 8.cxb5 a6 9.bxa6 Bxa6
10.Nc3 Nbd7 11.Qc2 Ne8 12.Rd1 Nc7 13.Rb1 Nb5 14.Nxb5 Bxb5 15.b3 Qa5 16.a4 Ba6
17.Bg5 Rfe8 18.Bf1 Rab8 19.Bd2 Qb6 20.b4 cxb4 21.Rxb4 Qc5 22.Qxc5 Nxc5 23.Rdb1 Rxb4
24.Rxb4 Ra8 25.e4 Bxf1 26.Kxf1 Nxa4  1/2-1/2

[Event "ESP-ch"]
[Site "Torrevieja"]
[Date "1997.10.03"]
[Round "6"]
[White "Izeta Txabarri, Felix"]
[Black "Andrada Andrada, Luis Javier"]
[Result "1-0"]
[WhiteElo "2525"]
[BlackElo "2320"]

1.d4 Nf6 2.Nf3 g6 3.c4 Bg7 4.g3 O-O 5.Bg2 d6 6.Nc3 Nc6 7.O-O a6 8.d5 Na5
9.Nd2 c5 10.Qc2 Rb8 11.b3 b5 12.Bb2 Bh6 13.f4 bxc4 14.bxc4 e5 15.dxe6 Bxe6
16.Nd5 Rxb2 17.Qxb2 Bg7 18.Qc1 Bxd5 19.cxd5 Ng4 20.Rb1 Bd4+ 21.Kh1 Ne3 22.Qa3 Re8
23.Qd3 Qa8 24.Bf3 Nxf1 25.Nxf1 Rb8 26.Rxb8+ Qxb8 27.e3 Bf6 28.Qxa6 c4 29.Qxa5 Qb1
30.Kg1 c3 31.Qa6 h5 32.h4 Kg7 33.a4 Bd8 34.a5 f5 35.Qxd6 c2 36.Qd7+ Kf8 37.Qxd8+ Kg7
38.Qc7+ Kf8 39.d6 c1=Q 40.Qe7+ Kg8 41.Bd5+  1-0